<?xml version="1.0" encoding="UTF-8"?>
<record
    xmlns:xsi="http://www.w3.org/2001/XMLSchema-instance"
    xsi:schemaLocation="http://www.loc.gov/MARC21/slim http://www.loc.gov/standards/marcxml/schema/MARC21slim.xsd"
    xmlns="http://www.loc.gov/MARC21/slim">

  <leader>03439njm a2200553Ia 4500</leader>
  <controlfield tag="001">27261</controlfield>
  <controlfield tag="003">IT-RoPAU</controlfield>
  <controlfield tag="005">20220918181125.0</controlfield>
  <controlfield tag="008">131025s9999    xx            000 0 und d</controlfield>
  <datafield tag="040" ind1=" " ind2=" ">
    <subfield code="a">IT-RoPAU</subfield>
  </datafield>
  <datafield tag="040" ind1=" " ind2=" ">
    <subfield code="c">IT-RoPAU</subfield>
  </datafield>
  <datafield tag="041" ind1=" " ind2=" ">
    <subfield code="a">INGLESE</subfield>
  </datafield>
  <datafield tag="999" ind1=" " ind2=" ">
    <subfield code="c">100135</subfield>
    <subfield code="d">100135</subfield>
  </datafield>
  <datafield tag="999" ind1=" " ind2=" ">
    <subfield code="b">n.d.</subfield>
  </datafield>
  <datafield tag="100" ind1=" " ind2=" ">
    <subfield code="a">AA.VV.</subfield>
    <subfield code="9">794</subfield>
  </datafield>
  <datafield tag="100" ind1=" " ind2=" ">
    <subfield code="e">Autore musica</subfield>
    <subfield code="9">17532</subfield>
  </datafield>
  <datafield tag="100" ind1=" " ind2=" ">
    <subfield code="g">Codice autore musica SPICS: 12000</subfield>
    <subfield code="9">796</subfield>
  </datafield>
  <datafield tag="245" ind1=" " ind2=" ">
    <subfield code="a">Twenty Greatest Hits</subfield>
  </datafield>
  <datafield tag="250" ind1=" " ind2=" ">
    <subfield code="a">2a ed.</subfield>
  </datafield>
  <datafield tag="260" ind1=" " ind2=" ">
    <subfield code="a">GERMANIA</subfield>
  </datafield>
  <datafield tag="260" ind1=" " ind2=" ">
    <subfield code="b">ASTAN MUSIC A.G.</subfield>
    <subfield code="c">1985 [1a Ed.:]</subfield>
  </datafield>
  <datafield tag="300" ind1=" " ind2=" ">
    <subfield code="a">DISCO</subfield>
  </datafield>
  <datafield tag="500" ind1=" " ind2=" ">
    <subfield code="a">Canzone americana. Jazz</subfield>
  </datafield>
  <datafield tag="505" ind1=" " ind2=" ">
    <subfield code="a">I Can't Stop Loving You - Georgia On My Mind - Yesterday - Take These Chains From My Heart - What'd I Say - Here We Go Again - Unchain My Heart - Eleanor Rigby - Ruby - Busted - Hit the Road Jack - Together Again - Born To Loose - Crying Time - I've Got A Woman - Baby It's Cold Outside - Makin' Whoopee - Let's Go Get Stoned - Makin' Believe - Don't Set me Free</subfield>
  </datafield>
  <datafield tag="650" ind1=" " ind2=" ">
    <subfield code="a">CANZONE AMERICA [DISCHI]</subfield>
    <subfield code="e">Codice MATERIA SPICS: 9950</subfield>
    <subfield code="9">17533</subfield>
  </datafield>
  <datafield tag="700" ind1=" " ind2=" ">
    <subfield code="a">Charles Ray</subfield>
    <subfield code="g">Codice interprete SPICS: 13097</subfield>
    <subfield code="e">Interprete</subfield>
    <subfield code="9">17534</subfield>
  </datafield>
  <datafield tag="700" ind1=" " ind2=" ">
    <subfield code="a">Gibson Don</subfield>
    <subfield code="g">Codice autore musica SPICS: 20499</subfield>
    <subfield code="e">Autore musica</subfield>
    <subfield code="p">I Can't Stop Loving You</subfield>
    <subfield code="9">17535</subfield>
  </datafield>
  <datafield tag="700" ind1=" " ind2=" ">
    <subfield code="a">Gorrell S.</subfield>
    <subfield code="g">Codice autore musica SPICS: 20256</subfield>
    <subfield code="e">Autore musica</subfield>
    <subfield code="p">Georgia On My Mind</subfield>
    <subfield code="9">17536</subfield>
  </datafield>
  <datafield tag="700" ind1=" " ind2=" ">
    <subfield code="a">Carmichael Hoagy</subfield>
    <subfield code="g">Codice autore SPICS: 10736</subfield>
    <subfield code="e">Autore</subfield>
    <subfield code="p">Georgia On My Mind</subfield>
    <subfield code="9">17537</subfield>
  </datafield>
  <datafield tag="700" ind1=" " ind2=" ">
    <subfield code="a">Lennon John</subfield>
    <subfield code="g">Codice autore musica SPICS: 13133</subfield>
    <subfield code="e">Autore musica</subfield>
    <subfield code="p">Yesterday - Eleanor Rigby</subfield>
    <subfield code="9">17538</subfield>
  </datafield>
  <datafield tag="700" ind1=" " ind2=" ">
    <subfield code="a">McCartney Paul</subfield>
    <subfield code="g">Codice autore SPICS: 8084</subfield>
    <subfield code="e">Autore</subfield>
    <subfield code="p">Yesterday - Eleanor Rigby</subfield>
    <subfield code="9">17539</subfield>
  </datafield>
  <datafield tag="700" ind1=" " ind2=" ">
    <subfield code="a">Rose F.</subfield>
    <subfield code="g">Codice autore musica SPICS: 20768</subfield>
    <subfield code="e">Autore musica</subfield>
    <subfield code="p">Take These Chains From My Heart</subfield>
    <subfield code="9">17540</subfield>
  </datafield>
  <datafield tag="700" ind1=" " ind2=" ">
    <subfield code="a">Heath H.</subfield>
    <subfield code="g">Codice autore SPICS: 24545</subfield>
    <subfield code="e">Autore</subfield>
    <subfield code="p">Take These Chains From My Heart</subfield>
    <subfield code="9">17541</subfield>
  </datafield>
  <datafield tag="700" ind1=" " ind2=" ">
    <subfield code="a">Charles Ray</subfield>
    <subfield code="g">Codice autore musica SPICS: 13097</subfield>
    <subfield code="e">Autore musica</subfield>
    <subfield code="p">What'd I Say - Unchain My Heart - I've Got A Woman - Makin' Believe - Don't Set Me Free</subfield>
    <subfield code="9">17542</subfield>
  </datafield>
  <datafield tag="700" ind1=" " ind2=" ">
    <subfield code="a">Lanier D.</subfield>
    <subfield code="g">Codice autore musica SPICS: 28194</subfield>
    <subfield code="e">Autore musica</subfield>
    <subfield code="p">Here We Go Again</subfield>
    <subfield code="9">17543</subfield>
  </datafield>
  <datafield tag="700" ind1=" " ind2=" ">
    <subfield code="a">Steagall R.</subfield>
    <subfield code="g">Codice autore SPICS: 28195</subfield>
    <subfield code="e">Autore</subfield>
    <subfield code="p">Here We Go Again</subfield>
    <subfield code="9">17544</subfield>
  </datafield>
  <datafield tag="700" ind1=" " ind2=" ">
    <subfield code="a">Roemheld Heinz</subfield>
    <subfield code="g">Codice autore musica SPICS: 28196</subfield>
    <subfield code="e">Autore musica</subfield>
    <subfield code="p">Ruby</subfield>
    <subfield code="9">17545</subfield>
  </datafield>
  <datafield tag="700" ind1=" " ind2=" ">
    <subfield code="a">Parish James Robert</subfield>
    <subfield code="g">Codice autore SPICS: 8387</subfield>
    <subfield code="e">Autore musica</subfield>
    <subfield code="p">Ruby</subfield>
    <subfield code="9">17546</subfield>
  </datafield>
  <datafield tag="700" ind1=" " ind2=" ">
    <subfield code="a">Howard</subfield>
    <subfield code="g">Codice autore musica SPICS: 22488</subfield>
    <subfield code="e">Autore musica</subfield>
    <subfield code="p">Busted</subfield>
    <subfield code="9">17547</subfield>
  </datafield>
  <datafield tag="700" ind1=" " ind2=" ">
    <subfield code="a">Mayfield P.</subfield>
    <subfield code="g">Codice autore musica SPICS: 24497</subfield>
    <subfield code="e">Autore musica</subfield>
    <subfield code="p">Hit the Road Jack</subfield>
    <subfield code="9">17548</subfield>
  </datafield>
  <datafield tag="700" ind1=" " ind2=" ">
    <subfield code="a">Owens Bill</subfield>
    <subfield code="g">Codice autore musica SPICS: 16976</subfield>
    <subfield code="e">Autore musica</subfield>
    <subfield code="p">Together Again - Crying Time</subfield>
    <subfield code="9">17549</subfield>
  </datafield>
  <datafield tag="700" ind1=" " ind2=" ">
    <subfield code="a">Brown F.</subfield>
    <subfield code="g">Codice autore musica SPICS: 28197</subfield>
    <subfield code="e">Autore musica</subfield>
    <subfield code="p">Born To Loose</subfield>
    <subfield code="9">17550</subfield>
  </datafield>
  <datafield tag="700" ind1=" " ind2=" ">
    <subfield code="a">Loesser Frank</subfield>
    <subfield code="g">Codice autore musica SPICS: 15672</subfield>
    <subfield code="e">Autore musica</subfield>
    <subfield code="p">Baby It's Cold Outside</subfield>
    <subfield code="9">17551</subfield>
  </datafield>
  <datafield tag="700" ind1=" " ind2=" ">
    <subfield code="a">Kahn</subfield>
    <subfield code="g">Codice autore musica SPICS: 19977</subfield>
    <subfield code="e">Autore musica</subfield>
    <subfield code="p">Makin' Whoopee</subfield>
    <subfield code="9">17552</subfield>
  </datafield>
  <datafield tag="700" ind1=" " ind2=" ">
    <subfield code="a">Donaldson</subfield>
    <subfield code="g">Codice autore SPICS: 14426</subfield>
    <subfield code="e">Autore</subfield>
    <subfield code="p">Makin' Whoopee</subfield>
    <subfield code="9">17553</subfield>
  </datafield>
  <datafield tag="700" ind1=" " ind2=" ">
    <subfield code="a">Simpson V.</subfield>
    <subfield code="g">Codice autore musica SPICS: 28198</subfield>
    <subfield code="e">Autore musica</subfield>
    <subfield code="p">Let's Go Get Stoned</subfield>
    <subfield code="9">17554</subfield>
  </datafield>
  <datafield tag="700" ind1=" " ind2=" ">
    <subfield code="a">Ashford N.</subfield>
    <subfield code="g">Codice autore SPICS: 27027</subfield>
    <subfield code="e">Autore</subfield>
    <subfield code="p">Let's Go Get Stoned</subfield>
    <subfield code="9">17555</subfield>
  </datafield>
  <datafield tag="700" ind1=" " ind2=" ">
    <subfield code="a">Armstead J.</subfield>
    <subfield code="g">Codice autore testo/musica SPICS: 28199</subfield>
    <subfield code="e">Autore testo/musica</subfield>
    <subfield code="p">Let's Go Get Stoned</subfield>
    <subfield code="9">17556</subfield>
  </datafield>
  <datafield tag="942" ind1=" " ind2=" ">
    <subfield code="c">MD</subfield>
    <subfield code="2">ddc</subfield>
  </datafield>
  <datafield tag="952" ind1=" " ind2=" ">
    <subfield code="0">0</subfield>
    <subfield code="1">0</subfield>
    <subfield code="4">0</subfield>
    <subfield code="6">27261_000000000000000</subfield>
    <subfield code="7">1</subfield>
    <subfield code="a">SPICS</subfield>
    <subfield code="b">SPICS</subfield>
    <subfield code="d">2013-10-25</subfield>
    <subfield code="l">0</subfield>
    <subfield code="o">27261</subfield>
    <subfield code="r">2013-10-25 00:00:00</subfield>
    <subfield code="w">2013-10-25</subfield>
    <subfield code="y">MD</subfield>
    <subfield code="z">Progr. Ins.: 6818 / N.Vol.: 1 / Copie: 1 - Copia rara: n.d. / date import: 01.01.2014 - By Epidotti, Trombetti, Vaglietti</subfield>
  </datafield>
</record>
